| 000 | 00628nam a22001817a 4500 | ||
|---|---|---|---|
| 003 | SISC | ||
| 005 | 20160426153508.0 | ||
| 008 | 150511b xxu||||| |||| 00| 0 eng d | ||
| 020 | _a9781619974357 | ||
| 050 | _aPE 1408.ELA8 C734 2013 | ||
| 110 | _aCommon Core Coach | ||
| 245 | _aCommon Core Coach : english language arts 8 | ||
| 250 | _a1st edition | ||
| 260 |
_aNew York _bTriumph Learning _c2013 |
||
| 300 |
_a248 pages., _bcolor illustrations., _c; 27 cm. _eTextbook |
||
| 650 |
_2English language arts _aReading -- Literacy -- Drama -- Poetry -- |
||
| 942 |
_2lcc _cBK _hPE 1408.ELA8 C734 2013 |
||
| 999 |
_c283932 _d283932 |
||